000
00326nam a22001457a 4500
003
SGT
020
_a
8171770703
082
_a
346.54
_b
NAR
100
_a
NARAYANAN P
245
_a
TRADE MARK TRADE NAME & PASSING OFF CASES
250
_a
2
260
_a
CALCUTTA
_b
EASTERN BOOK HOUSE
_c
1997
300
_a
2232
942
_2
ddc
_c
BK
999
_c
32702
_d
32702